000 00337nam a2200145Ia 4500
008 090124s9999 xx 000 0 und d
082 _b203118
245 _aPHYSICS CAN BE FUN
250 _a1
260 _bYAKOV PERELMAN
_c1973
300 _a430
630 _aPHYSICS CAN BE FUN
730 _aPHYSICS CAN BE FUN
942 _cBOOK
999 _c184699
_d184699